Rajajokia - Statistics

Yleistilastot
  • Tätä visaa on pelattu 389 kertaa
  • Keskiarvotulos 8 / 16
Vastaustilastot
Raja Joki % Oikein
Suomi ja Ruotsi Tornionjoki / Muonionjoki
87%
Saksa ja Ranska Rein
82%
Bulgaria ja Romania Tonava
80%
Suomi ja Norja Teno
78%
Meksiko ja Yhdysvallat Rio Grande
55%
Jordania ja Israel Jordan
50%
Myanmar ja Laos Mekong
50%
Venäjä ja Kiina Amur
49%
Zimbabwe ja Sambia Sambesi
45%
Saksa ja Puola Oder
41%
Namibia ja Etelä-Afrikka Oranje
33%
Yhdysvallat ja Kanada (Ontario ja New York) Saint Lawrence
31%
Senegal ja Mauritania Senegal
27%
Etelä-Afrikka ja Zimbabwe Limpopo
24%
Kroatia ja Bosnia ja Hertsegovina Sava
19%
Liettua ja Venäjä Niemen
15%
Ehtoja vastaavia visoja ei löytynyt
Tulosjakauma
Jokaisen tuloksen saaneiden osuus
Persentiili vastausten määrän mukaan
Tuloshistoriasi
Et ole pelannut tätä visaa